MARC details
| 000 -LEADER |
| campo de control de longitud fija |
01789nam a2200409 i 4500 |
| 001 - NÚMERO DE CONTROL |
| campo de control |
192832 |
| 003 - IDENTIFICADOR DE NÚMERO DE CONTROL |
| campo de control |
SpMaBN |
| 005 - FECHA Y HORA DE LA ÚLTIMA TRANSACCIÓN |
| campo de control |
20250817062602.0 |
| 008 - DATOS DE LONGITUD FIJA--INFORMACIÓN GENERAL |
| campo de control de longitud fija |
230530s2019 sp a | |||| 000 0 spa |
| 017 ## - NÚMERO DE COPYRIGHT O DE DEPÓSITO LEGAL |
| Número de copyright o de depósito legal |
M 24183-2019 |
| Agencia que asigna |
Oficina Depósito Legal Madrid |
| 020 ## - NÚMERO INTERNACIONAL ESTÁNDAR DEL LIBRO |
| Número Internacional Estándar del Libro |
9788470756597 |
| 020 ## - NÚMERO INTERNACIONAL ESTÁNDAR DEL LIBRO |
| Número Internacional Estándar del Libro |
9788494647550 |
| 035 ## - NÚMERO DE CONTROL DEL SISTEMA |
| Número de control de sistema |
(OCoLC)1137164322 |
| 040 ## - FUENTE DE CATALOGACIÓN |
| Centro catalogador/agencia de origen |
SpMaBN |
| Lengua de catalogación |
spa |
| Centro/agencia transcriptor |
SpMaBN |
| Normas de descripción |
rda |
| Centro/agencia modificador |
ES-MaACL |
| 080 ## - NÚMERO DE LA CLASIFICACIÓN DECIMAL UNIVERSAL |
| Número de la Clasificación Decimal Universal |
7.036/.038(083.824) |
| 245 10 - MENCIÓN DEL TÍTULO |
| Título |
Genealogías del arte o La historia del arte como arte visual / |
| Mención de responsabilidad, etc. |
Manuel Fontán del Junco, José Lebrero Stals y María Zozaya Álvarez, eds. |
| 246 30 - FORMA VARIANTE DEL TITULO |
| Título propio/Titulo breve |
La historia del arte como arte visual |
| 260 ## - PUBLICACIÓN, DISTRIBUCIÓN, ETC. |
| Lugar de publicación, distribución, etc. |
[Madrid] : |
| Nombre del editor, distribuidor, etc. |
Fundación Juan March : |
| -- |
Editorial de Arte y Ciencia |
| 260 ## - PUBLICACIÓN, DISTRIBUCIÓN, ETC. |
| Lugar de publicación, distribución, etc. |
[Málaga] : |
| Nombre del editor, distribuidor, etc. |
Museo Picasso Málaga, |
| Fecha de publicación, distribución, etc. |
[2019] |
| 300 ## - DESCRIPCIÓN FÍSICA |
| Extensión |
483 páginas : |
| Otras características físicas |
principalmente ilustraciones (blanco y negro y color) ; |
| Dimensiones |
34 cm |
| 336 ## - TIPO DE CONTENIDO |
| Término de tipo de contenido |
Imagen fija |
| -- |
Texto |
| Fuente |
rdacontent |
| 337 ## - TIPO DE MEDIO |
| Nombre/término del tipo de medio |
sin mediación |
| Fuente |
rdamedia |
| 338 ## - TIPO DE SOPORTE |
| Nombre/término del tipo de soporte |
volumen |
| Fuente |
rdacarrier |
| 504 ## - NOTA DE BIBLIOGRAFÍA, ETC. |
| Nota de bibliografía, etc. |
Bibliografía: páginas 471-477 |
| 585 ## - NOTA DE EXPOSICIONES |
| Nota de exposiciones |
Exposición: Fundación Juan March, Madrid, del 11 de octubre de 2019 al 12 de enero de 2020; Museo Picasso Málaga, del 26 de febrero al 31 de mayo de 2020 |
| 650 #4 - PUNTO DE ACCESO ADICIONAL DE MATERIA--TÉRMINO DE MATERIA |
| Término de materia o nombre geográfico como elemento de entrada |
Arte- |
| Subdivisión cronológica |
S.XX- |
| Subdivisión de forma |
Exposiciones |
| Fuente del encabezamiento o término |
embne |
| 9 (RLIN) |
10140 |
| 655 #7 - TERMINO DE INDIZACIÓN--GENERO/FORMA |
| Datos o término principal de género/forma |
Catálogos de exposiciones |
| Fuente del término |
tgfbne |
| 9 (RLIN) |
193628 |
| 700 1# - ENTRADA AGREGADA--NOMBRE PERSONAL |
| Nombre de persona |
Fontán del Junco, Manuel, |
| Fechas asociadas al nombre |
1963- |
| Término indicativo de función/relación |
Editor literario |
| 9 (RLIN) |
226485 |
| 700 1# - ENTRADA AGREGADA--NOMBRE PERSONAL |
| Nombre de persona |
Lebrero Stals, José, |
| Fechas asociadas al nombre |
1954- |
| Término indicativo de función/relación |
Editor literario |
| 9 (RLIN) |
226486 |
| 700 1# - ENTRADA AGREGADA--NOMBRE PERSONAL |
| Nombre de persona |
Zozaya Álvarez, María |
| Término indicativo de función/relación |
Editor literario |
| 9 (RLIN) |
144199 |
| 710 2# - ENTRADA AGREGADA--NOMBRE DE ENTIDAD CORPORATIVA |
| Nombre de entidad corporativa o nombre de jurisdicción como elemento de entrada |
Fundación Juan March |
| Término indicativo de función/relación |
Sede |
| 9 (RLIN) |
4346 |
| 710 2# - ENTRADA AGREGADA--NOMBRE DE ENTIDAD CORPORATIVA |
| Nombre de entidad corporativa o nombre de jurisdicción como elemento de entrada |
Museo Picasso Málaga |
| Término indicativo de función/relación |
Sede |
| 9 (RLIN) |
226487 |
| 852 ## - LOCALIZACIÓN |
| Ubicación |
ES-MaACL |
| Ubicación en estantería |
Depósito J |
| Donativo/Legado |
Donación: Editorial |
| Número de control de estantería |
N-8466 |
| Encuadernación |
Cartoné |
| itemnumber |
200134 |
| 942 ## - ELEMENTOS DE ENTRADA SECUNDARIOS (KOHA) |
| Tipo de ítem Koha |
Libro impreso |
| Suprimir en OPAC |
No |